000 00216nam a2200097Ia 4500
008 190216s9999||||xx |||||||||||||| ||und||
100 _aNull
245 0 _aHindi-Manak Hindi Kosh
260 _bS Chand & Co
942 _cBK
999 _c17873
_d17873